Normal view
MARC view
- Iftikhar, Ahsan (TCC-22)
Entry Personal Name
001 - CONTROL NUMBER
- control field: 132394
003 - CONTROL NUMBER IDENTIFIER
- control field: NUST
005 - DATE AND TIME OF LATEST TRANSACTION
- control field: 20251217151221.0
008 - FIXED-LENGTH DATA ELEMENTS
- fixed length control field: 251217|| aca||aabn | a|a d
040 ## - CATALOGING SOURCE
- Original cataloging agency: NUST
- Transcribing agency: NUST
100 ## - HEADING--PERSONAL NAME
- Personal name: Iftikhar, Ahsan (TCC-22)
670 ## - SOURCE DATA FOUND
- Source citation: Work cat.: (NUST)212144: Iftikhar, Ahsan (TCC-22), Design of Prototype for search and Rescue Application on UAV /, 2014
